Logo BPK

Biblioteka

Politechniki Koszalińskiej

Static and dynamic neural networks : (Rekord nr 53306)

Szczegóły MARC
000 -ETYKIETA REKORDU
podpole kontrolne o stałej długości 00866nam a2200241 i 4500
001 - NUMER KONTROLNY REKORDU
pole kontrolne bg
020 ## - MIĘDZYNARODOWY ZNORMALIZOWANY NUMER KSIĄŻKI - ISBN
ISBN 0471219487
040 ## - ŹRÓDŁO KATALOGOWANIA
Instytucja, która utworzyła rekord BPK
041 0# - KOD JĘZYKA
Kod języka tekstu eng
080 ## - UNIWERSALNA KLASYFIKACJA DZIESIĘTNA - UKD
UKD 004.032.26
920 ## - Międzynarodowy znormalizowany numer książki – ISBN
ISBN 0-471-21948-7
008 - POLE O STAŁEJ DŁUGOŚCI - DANE KONTROLNE
podpole kontrolne o stałej długości s pl f |000 0 pol
100 1# - NAZWA OSOBOWA
Nazwa osobowa GUPTA, Madan M.
245 10 - TYTUŁ/ODPOWIEDZIALNOŚĆ
Tytuł Static and dynamic neural networks :
Ciąg dalszy tytułu from fundamentals to advanced theory /
Pozostałe elementy strefy tytułu i oznaczenia odpowiedzialności Madan M. Gupta, Liang Jin, Noriyasu Homma ; foreword by Lotfi A. Zadeh.
260 ## - STREFA ADRESU WYDAWNICZEGO
Miejsce wydania Hoboken :
Nazwa wydawcy/dystrybutora IEEE :
-- Wiley-Interscience,
Data publikacji, dystrybucji/powstania dokumentu 2003.
300 ## - STREFA OPISU FIZYCZNEGO
Objętość XXVIII, 722 s. :
Inne cechy fizyczne rys., wykr. ;
Rozmiary 24 cm.
504 ## - UWAGA DOTYCZĄCA BIBLIOGRAFII
Informacje o bibliografii Bibliogr. - Indeks.
650 #9 - HASŁO PRZEDMIOTOWE W FORMIE NAZWY OGÓLNEJ LUB JEDNOSTKOWEJ
Nazwa ogólna lub geograficzna Sieci neuronowe
700 1# - HASŁO DODATKOWE - NAZWA OSOBOWA
Nazwa osobowa JIN, Liang
700 1# - HASŁO DODATKOWE - NAZWA OSOBOWA
Nazwa osobowa HOMMA, Noriyasu
856 ## - LOKALIZACJA I DOSTĘP DO ELEKTRONICZNYCH DOKUMENTÓW ZDALNYCH
Link (URL) http://koha.tu.koszalin.pl/cgi-bin/koha/opac-detail.pl?biblionumber=53306
Tekst linku Katalog online BPK
942 ## - DODATKOWE ELEMENTY (KOHA)
Typ dokumentu Książka
Egzemplarze
Wycofany Status egzemplarza Uszkodzony Dostępność Lokalizacja stała Lokalizacja bieżąca Miejsce przechowywania Sygnatura Kod kreskowy Typ dokumentu
      Dostępny Biblioteka Politechniki Koszalińskiej Biblioteka Politechniki Koszalińskiej Wypożyczalnia BG 83150 02367798 Książka
© 2023 Biblioteka Politechniki Koszalińskiej :: KOHA